عرض عادي عرض مارك
  • Congresses

مدخل تقسيم شكلي

عدد التسجيلات المستخدمة في: 1

001 - رقم الضبط

  • حقل الضبط: 37788

003 - معرف رقم الضبط

  • حقل الضبط: OSt

005 - تاريخ ووقت أخر عملية

  • حقل الضبط: 20131016141335.0

008 - عناصر بيانات ثابتة الطول

  • حقل تحكم ثابت الطول: 131016|||a|||||| | ||| d

040 ## - مصدر الفهرسة

  • هيئة الفهرسة الأصلية: OSt
  • وكالة الكتابة: OSt

155 ## - الراس-نوع ادبي/مصطلح شكلي

  • النوع الادبي/المصطلح الشكلي: Congresses

670 ## - بيانات المصدر موجوده

  • الاستشهاد بالمصدر: Work cat.: (OSt)0: International BIOLOX Symposium (12th : 2007 : Seoul, Republic of Korea) 37784, Bioceramics and alternative bearings in joint arthroplasty, c2007.